00526 a2200157 4500003000400000005001700004008004100021020001500062040000900077082001900086100002900105245004400134942004400178952012900222999001700351OSt20231216151130.0231216b |||||||| |||| 00| 0 eng d a8170557194 coclc a891.431bTRI/S aTripathi, Prabath910148 aSADAK PAR CHUP CHAP /cPrabath Tripathi 2ddccBKh891.431iTRI/Sk891.431mTRI/S 00102ddc40708POEaMESbMEScHINd2023-12-16l0o891.431 TRI/Sp43078r2023-12-16 15:12:48v100.00w2023-12-16yBKzGR6R5 c43444d43444